000 00906nam a2200205 4500
008 110304s2002 -hkaf 000 0 chi
020 _a9622080332 :gift from the author
090 _aBP172
_bT54s
_b2002
100 1 _a陳潤棠 Tjandra, Lukas
245 1 0 _a回教與基督教的硏究 Hui jiao yu Jidu jiao de yan jiu
246 1 0 _aA study of the Islam and Christianity {ch} /
_c陳潤棠著 Chen Runtang zhu, Lukas Tjandra
260 _a香港 Xianggang :
_b天道書樓有限公司 Xianggang shu lou you xian gong si,
_c2002.
300 _a5, 240 p., [14] p. of plates :
_bill. ;
_c22 cm.
490 1 _a神學教育叢書 Shen xue jiao yu cong shu
650 4 _aChristianity and other religions
_xIslam {ch}.
650 4 _aIslam
_xRelations
_xChristianity {ch} .
700 1 _a陳潤棠 Chen Runtang
951 _pC-10360
_x00040414
_oCHBP172/T54s/2002
_j110304111530984
_d2000-12-21
_cCH
999 _c35452
_d35452
942 0 0 _01